000 00391nam a2200157Ia 4500
008 230312s9999||||xx |||||||||||||| ||und||
020 _a0-93043-03-51-7
082 _a629.134
_bRAY-A
100 _aRaymer;Daniel.P
245 0 _aAircraft Design
260 _bAIAA Education
_aUSA
_c1992
300 _a745
546 _aEng.
650 _aAviation
_vAirplanes,Construction,Design
942 _cBK
999 _c7234
_d7234